
Library Catalogue

| 000 -LEADER | |
|---|---|
| fixed length control field | 01617nam a2200229Ia 4500 |
| 003 - CONTROL NUMBER IDENTIFIER | |
| control field | OSt |
| 005 - DATE AND TIME OF LATEST TRANSACTION | |
| control field | 20210626154039.0 |
| 008 - FIXED-LENGTH DATA ELEMENTS--GENERAL INFORMATION | |
| fixed length control field | 160316s2003 xxu||||| |||| 00| 0 eng d |
| 020 ## - INTERNATIONAL STANDARD BOOK NUMBER | |
| International Standard Book Number | 9780199259465 |
| 040 ## - CATALOGING SOURCE | |
| Transcribing agency | n |
| 082 ## - DEWEY DECIMAL CLASSIFICATION NUMBER | |
| Classification number | 341.242200 |
| Item number | FOS |
| 100 ## - MAIN ENTRY--PERSONAL NAME | |
| Personal name | Foster Nigel |
| 245 ## - TITLE STATEMENT | |
| Title | EC legislation 2003 - 2004 |
| 250 ## - EDITION STATEMENT | |
| Edition statement | 14th |
| 260 ## - PUBLICATION, DISTRIBUTION, ETC. | |
| Place of publication, distribution, etc. | London |
| Name of publisher, distributor, etc. | Blackstone Press Pvt. Ltd. |
| Date of publication, distribution, etc. | 2003 |
| 300 ## - PHYSICAL DESCRIPTION | |
| Extent | 717p |
| Dimensions | xiii |
| 365 ## - TRADE PRICE | |
| Price amount | Gratis |
| 505 ## - FORMATTED CONTENTS NOTE | |
| Formatted contents note | Contents: <br/>Extracts from Editor's Preface to the First Edition. <br/>Tables of Equivalences for the Treaty on European Union and for the European Community Treaty as referred to in Article 12 of the Treaty of Amsterdam. <br/>pt. I. Primary Legislation. <br/>p. 1. Treaty Establishing the European Community (Consolidated version established after the Treaty of Nice). p. 1. Treaty on European Union (Consolidated version after the Treaty of Nice). p. 88. Texts of Protocols attached to the Treaties. p. 107. Protocols added by the Treaty of Nice. p. 136. Charter of Fundamental Rights of the European Union. p. 158. Additional Legislation and Agreements Affecting the Institutions. p. 166. <br/>pt. II. Secondary Legislation. p. 250. Free Movement of Goods. p. 250. Free Movement of Persons. p. 254. Social Security. p. 339. Social Policy: Equal Pay and Treatment. p. 361. Social Policy: Worker Protection. p. 409. Competition. p. 494. Consumer Protection. p. 591. Intellectual Property and Information Technology. p. 640. <br/>pt. III. UK Legislation. p. 702. Index. p. 709. |
| 650 ## - SUBJECT ADDED ENTRY--TOPICAL TERM | |
| Topical term or geographic name entry element | 1.European Economic Community - Legislation |
| 700 ## - ADDED ENTRY--PERSONAL NAME | |
| Personal name | |
| -- | |
| 942 ## - ADDED ENTRY ELEMENTS (KOHA) | |
| Source of classification or shelving scheme | Dewey Decimal Classification |
| Koha item type | BOOKs |
| Withdrawn status | Lost status | Damaged status | Not for loan | Home library | Current library | Shelving location | Date acquired | Total Checkouts | Full call number | Barcode | Date last seen | Price effective from | Koha item type |
|---|---|---|---|---|---|---|---|---|---|---|---|---|---|
| . | . | 30.05.2017 | 341.2422 FOS | 30689 | 30.05.2017 | 30.05.2017 | BOOKs |